000
00289nam a22001337a 4500
008
170930b xxu||||| |||| 00| 0 eng d
020
_a
9780077293680
041
_a
eng
080
_a
37
100
_a
47
101
_a
EDU
245
_a
A WRITER'S RESOURCE
_c
MAIMON, E.P
942
_2
udc
_c
BK
999
_c
31014
_d
31014